Life cycle cost concept in government procurement: a case of Indian railways (Record no. 492938)

000 -LEADER
fixed length control field 00502cam a22001337a 4500
008 - FIXED-LENGTH DATA ELEMENTS--GENERAL INFORMATION
fixed length control field 180718b2004 xxu||||| |||| 00| 0 eng d
082 ## - DEWEY DECIMAL CLASSIFICATION NUMBER
Classification number APPPA 2003-04 CHA/6
100 ## - MAIN ENTRY--PERSONAL NAME
Personal name Chandra, Ramesh
245 ## - TITLE STATEMENT
Title Life cycle cost concept in government procurement: a case of Indian railways
Statement of responsibility, etc. by Ramesh Chandra
260 ## - PUBLICATION, DISTRIBUTION, ETC.
Place of publication, distribution, etc. New Delhi
Name of publisher, distributor, etc. Indian Institute of Public Administration
Date of publication, distribution, etc. 2004
300 ## - PHYSICAL DESCRIPTION
Extent v.p.
500 ## - GENERAL NOTE
General note An APPPA M.Phil dissertation, 2003-04 (Guide: Prof. R.K. Sachdeva)
650 ## - SUBJECT ADDED ENTRY--TOPICAL TERM
Topical term or geographic name entry element Railroads - India
Holdings
Withdrawn status Lost status Damaged status Not for loan Permanent Location Current Location Date acquired Full call number Barcode Date last seen Price effective from Koha item type
        Indian Institute of Public Administration Indian Institute of Public Administration 2018-08-04 APPPA 2003-04 CHA/6 GR17001 2018-08-04 2018-08-04 GR

Powered by Koha